Vacuum Metallurgy /
Uložené v:
| Hlavný autor: | |
|---|---|
| Médium: | Kniha |
| Jazyk: | English |
| Vydavateľské údaje: |
Princeton :
Science Press,
1977
|
| Predmet: | |
| Tagy: |
Žiadne tagy, Buďte prvý, kto otaguje tento záznam!
|
MARC
| LEADER | 00000nam a22000003a 4500 | ||
|---|---|---|---|
| 001 | stu38226 | ||
| 005 | 20150617225723.8 | ||
| 008 | 920918s1977----xxu-----------------eng-d | ||
| 040 | |a STU |b slo | ||
| 041 | 0 | |a eng | |
| 044 | |a xxu | ||
| 080 | |a 669.01 | ||
| 100 | 1 | |a Krutenat, R.C |4 aut | |
| 245 | 1 | |a Vacuum Metallurgy / |c [aut.]R.C. Krutenat | |
| 260 | |a Princeton : |b Science Press, |c 1977 | ||
| 300 | |a 568 s | ||
| 650 | 7 | |a metalurgia |2 stusub | |
| 996 | |b 284M062309 |c M*6767-1 |l MMKN |s A |a 24 |w stu38226_0001 | ||